VMS Library
Email : library.aptu@gmail.com / Tel. 0-2986-9605-6 ext.2003 / Line Official : @vmslibrary
เปลี่ยนเป็นภาษาไทย

Change to English
 แสดงรายละเอียดบรรณานุกรม
  กลับหน้าหลัก

Brief Record : Get Marc (ISO 2709) : E-mail record : QR code ปิดหน้าต่าง
E-Book หนังสือทั่วไป : เกี่ยวกับ Collections
LEADER 00000nam 2200000uu 4500
001    13399137018
003     ULIBM
008    260512s2545||||th 000 0 tha d
020    ^a9749081919
050    ^aBQ1463 ^b .อ735 2545
100 0  ^aอู่ทอง ประศาสน์วินิจฉัย.
245 10 ^aท่องทศชาติผ่านจิตรกรรม / ^c อู่ทอง ประศาสน์วินิจฉัย.
260    ^aกรุงเทพฯ : ^b รุ่งเรืองรัตน์พริ้นติ้ง, ^c 2545.
300    ^a2 เล่ม : ^b ภาพสีประกอบ.
505 0  ^aล. 1. เต ช สุ เน ม -- ล. 2. ภู จ นา วิ เว.
650 4  ^aชาดก.
650 4  ^aจิตรกรรมพุทธศาสนา ^z ไทย.
999    ^aปวีนา มาลยาภรณ์
รายการนี้ยังไม่มีแท็ก
คุณยังไม่ได้ล็อกอิน คุณสามารถมีกิจกรรมร่วมกับเว็บไซต์ได้ แต่ต้องล็อกอินก่อน ::
  ล็อกอิน
ลำดับที่ ประเภท เลขเรียก/บาร์โค้ด สถานที่ สถานะ
1. Prof.Dr.Vimolsiddhi Horayangkura Collections
Prof.Dr.Vimolsiddhi Horayangkura Collections
BQ1463 .อ735 2545 ล.1 
  Barcode: 3 26 025562
Prof.Dr.Vimolsiddhi Horayangkura Collections On Shelf
  ขอยืม
2. Prof.Dr.Vimolsiddhi Horayangkura Collections
Prof.Dr.Vimolsiddhi Horayangkura Collections
BQ1463 .อ735 2545 ล.2 
  Barcode: 3 26 025563
Prof.Dr.Vimolsiddhi Horayangkura Collections On Shelf
  ขอยืม
   [แสดง 2/2 รายการ]

รายการใกล้เคียง
    หัวเรื่อง [ชาดก.]

BibComment


ยังไม่เคยถูกคอมเมนท์

คอมเมนท์ทรัพยากรรายการนี้
  คอมเมนท์: ท่องทศชาติผ่านจิ..
Bib 13399137018
 
 
 

 Union Library Management : ULibM
Copyright 2026. All Rights Reserved.